| 000 | 01558nkm a2200385 c 4500 | ||
|---|---|---|---|
| 003 | BLK | ||
| 005 | 20180421002027.0 | ||
| 008 | 180412b bul rap|r|||| r0| ||bulo| | ||
| 010 | _aKNG00163801000 | ||
| 040 | _aBLK | ||
| 041 |
_aRUS _cRUS _hENG |
||
| 080 |
_aВодни бои. Акварелни бои _b75.023.22 _x:069 _z75.023.22:069 |
||
| 080 |
_aРисуване. Общи въпроси _b741 _x:069 _z741:069 |
||
| 100 | 1 |
_aПушкарев, Василий Алексеевич _eпърви автор _9352369 |
|
| 139 |
_aПушкарев, Василий Алексеевич _bП 94 |
||
| 245 | 1 | 0 |
_aАкварели и рисунки в Государственном Русском музее _bXVIII - начало XX века _cВасилий Алексеевич Пушкарев. |
| 257 | _aSUN | ||
| 260 |
_аМосква _bИзобраз. искусство _c1982 |
||
| 300 |
_aXX с., 168 с., 12 с. _bс ил. _c35 см |
||
| 380 | _a7 | ||
| 500 | _aИменен показалец. - Списък на репрод. - 20 000 тир. | ||
| 650 | 4 |
_aАкварел - албуми _9281232 |
|
| 650 | 4 |
_aРисунка - албуми _9351548 |
|
| 653 | _aакварели | ||
| 653 | _aрисунки | ||
| 653 | _aмузеи | ||
| 653 | _aXVIII в. | ||
| 653 | _aXIX в. | ||
| 653 | _aXX в. | ||
| 852 | _aЦб Гр А ІІ 2933 | ||
| 856 | 4 |
_qpdf _u |
|
| 856 | 4 |
_qpdf _u |
|
| 942 |
_cGRA _n0 |
||
| 944 |
_aCR _c25.07.2014 _l25.07.2014 - от С1,Р / 25.07.2014 _kКамелия_Данева |
||
| 944 |
_aED _c25.07.2014 _l25.07.2014 - от С1,Р / 25.07.2014 _k |
||
| 999 |
_c210275 _d210275 |
||